Normal view
MARC view
Entry Topical Term
001 - CONTROL NUMBER
- control field: 704231
003 - CONTROL NUMBER IDENTIFIER
- control field: OSt
005 - DATE AND TIME OF LATEST TRANSACTION
- control field: 20221007102044.0
008 - FIXED-LENGTH DATA ELEMENTS
- fixed length control field: 221007|| aca||aabn | a|a d
040 ## - CATALOGING SOURCE
- Original cataloging agency: OSt
- Transcribing agency: OSt
150 ## - HEADING--TOPICAL TERM
- Topical term or geographic name entry element: MINORITIES AND RELIGIOUS FREEDOM IN A DEMOCRACY
670 ## - SOURCE DATA FOUND
- Source citation: Work cat.: (OSt)1178853: Massey James, Minorities and Religious Freedom in a Democracy, 2003
